| Tag |
First Indicator |
Second Indicator |
Subfields |
| LEADER |
00000cam a2200000 a 4500 |
| 001 |
in00001690321 |
| 005 |
20151024143721.0 |
| 008 |
020415s2002 mdu b 001 0beng |
| 010 |
|
|
|a 2002005867
|
| 020 |
|
|
|a 0742522431 (alk. paper)
|
| 035 |
|
|
|a (OCoLC)ocm49610994
|
| 040 |
|
|
|a DLC
|c DLC
|d UtOrBLW
|
| 043 |
|
|
|a n-us---
|
| 049 |
|
|
|a TXAM
|
| 050 |
0 |
0 |
|a E387
|b .S64 2002
|
| 082 |
0 |
0 |
|a 973.5/7/092
|a B
|2 21
|
| 100 |
1 |
|
|a Silbey, Joel H.
|
| 245 |
1 |
0 |
|a Martin Van Buren and the emergence of American popular politics /
|c Joel H. Silbey.
|
| 264 |
|
1 |
|a Lanham, Md. :
|b Rowman & Littlefield Publishers,
|c [2002]
|
| 264 |
|
4 |
|c ©2002
|
| 300 |
|
|
|a xiv, 237 pages ;
|c 24 cm.
|
| 336 |
|
|
|a text
|b txt
|2 rdacontent
|
| 337 |
|
|
|a unmediated
|b n
|2 rdamedia
|
| 338 |
|
|
|a volume
|b nc
|2 rdacarrier
|
| 490 |
1 |
|
|a American profiles
|
| 504 |
|
|
|a Includes bibliographical references (pages 221-224) and index.
|
| 505 |
0 |
|
|a The tavern keeper's son : the making of a politician, 1782-1812 -- "The partisan leader," I : master of the state, 1812-1821 -- The partisan leader," II : the senator from New York, 1821-1828 -- The seats of the mighty, 1828-1832 -- The democracy's heir apparent, 1832-1836 -- At the summit : the eighth president of the United States, 1837-1841 -- "The people could not be rallied for Van Buren" -- The partisan leader at bay, 1841-1847 -- "The most fallen man I have ever known" : the party leader becomes a political rebel--for a time, 1848-1852 -- Political afterlife, 1852-1862 -- "The honors of their statesman."
|
| 600 |
1 |
0 |
|a Van Buren, Martin,
|d 1782-1862.
|
| 650 |
|
0 |
|a Presidents
|z United States
|v Biography.
|
| 651 |
|
0 |
|a United States
|x Politics and government
|y 1837-1841.
|
| 650 |
|
0 |
|a Political culture
|z United States
|x History
|y 19th century.
|
| 830 |
|
0 |
|a American profiles (Lanham, Md.)
|
| 945 |
|
|
|i PromptCat
|
| 948 |
|
|
|a cataloged
|b h
|c 2002/8/14
|d c
|e dmitchel
|f 1:54:22 pm
|
| 994 |
|
|
|a 92
|b TXA
|
| 999 |
|
|
|a MARS
|
| 999 |
f |
f |
|s 33ea6289-a806-372f-bb8f-2c3857bbfcad
|i 55af2f73-4b0e-3e8a-a2ce-554e4503fcaf
|t 0
|
| 952 |
f |
f |
|p normal
|a Texas A&M University
|b College Station
|c Sterling C. Evans Library
|d Evans: Library Stacks
|t 0
|e E387 .S64 2002
|h Library of Congress classification
|i unmediated -- volume
|m A14829032225
|
| 998 |
f |
f |
|a E387 .S64 2002
|t 0
|l Evans: Library Stacks
|